logo

Bir Sreshtho Munshi Abdur Rouf Library
Jhenaidah Cadet College

Living English Struture For Schools (Record no. 10782)

MARC details
000 -LEADER
fixed length control field 00586nam a2200217 a 4500
001 - CONTROL NUMBER
JCCL Control Number 10782
003 - CONTROL NUMBER IDENTIFIER
JCCL marc code BD-JhCC
005 - DATE AND TIME OF LATEST TRANSACTION
control field 20190319102851.0
008 - FIXED-LENGTH DATA ELEMENTS--GENERAL INFORMATION
fixed length control field 190319b19611963bg a|||| ||u| 000 0 eng d
035 ## - SYSTEM CONTROL NUMBER
system control number (BD-JhCC)10782
040 ## - CATALOGING SOURCE
Original cataloging agency BD-JhCC
Modifying agency BD-JhCC
041 ## - LANGUAGE CODE
Language code of Book eng
082 ## - DEWEY DECIMAL CLASSIFICATION NUMBER
Classification number 425
Author mark and Year ALL 1961
100 ## - MAIN ENTRY--PERSONAL NAME
Personal name Allen,W. Stannard
245 ## - TITLE STATEMENT
Title Living English Struture For Schools
Statement of responsibility, etc W. Stannard Allen
260 ## - PUBLICATION, DISTRIBUTION, ETC. (IMPRINT)
Place of publication, distribution, etc London,
Name of publisher, distributor, etc Allies Book Corporation,Karachi ;
Date of publication, distribution, etc 1961.
300 ## - PHYSICAL DESCRIPTION
Pagination 182 p. :
Other physical details ill;
Dimensions 8 cm
650 ## - SUBJECT ADDED ENTRY--TOPICAL TERM
Topical term or geographic name as entry element English Language
General subdivision Grammer
942 ## - ADDED ENTRY ELEMENTS (KOHA)
Source of classification or shelving scheme Library of Congress Classification
Koha item type Books
Holdings
Source of classification or shelving scheme Damaged status Not for loan Home library Current library Shelving location Date of accession Total Checkouts Full call number Barcode Date last seen Copy number Koha item type
Dewey Decimal Classification     JCC Rouf Library JCC Rouf Library General Stacks 03/19/2019   425 ALL 1961 11586 03/19/2019 C-1 Books

JCC Library | Contacts | JCC Home

Last Update on 23 September 2017
Copyright @ 2017-2020 JCC Rouf Library
Rouf Library, Jhenidah Cadet College (JCC), Bangladesh